A Book on Communication Skills for human resource development centers Pakistan army / (Record no. 592894)
[ view plain ]
| 000 -LEADER | |
|---|---|
| fixed length control field | 00457nam a22001217a 4500 |
| 040 ## - CATALOGING SOURCE | |
| Transcribing agency | NUST |
| 082 ## - DEWEY DECIMAL CLASSIFICATION NUMBER | |
| Classification number | 372.6,COM |
| 245 ## - TITLE STATEMENT | |
| Title | A Book on Communication Skills for human resource development centers Pakistan army / |
| Statement of responsibility, etc. | College of Army Education, Upper Topa Muree |
| 260 ## - PUBLICATION, DISTRIBUTION, ETC. | |
| Place of publication, distribution, etc. | Lahore |
| Name of publisher, distributor, etc. | Army Education |
| Date of publication, distribution, etc. | 2007 |
| 300 ## - PHYSICAL DESCRIPTION | |
| Extent | 123 p.; |
| 505 ## - FORMATTED CONTENTS NOTE | |
| Formatted contents note | Part-1: grammar (Page-3), Part-2: Composition (Page-57), Part-3: Phonetics (Page-69). |
| 942 ## - ADDED ENTRY ELEMENTS (KOHA) | |
| Source of classification or shelving scheme | |
| Koha item type | Book |
| Call number prefix | 372.6,COM |
| Withdrawn status | Lost status | Source of classification or shelving scheme | Damaged status | Not for loan | Permanent Location | Current Location | Shelving location | Date acquired | Full call number | Barcode | Date last seen | Price effective from | Koha item type | Public note |
|---|---|---|---|---|---|---|---|---|---|---|---|---|---|---|
| Military College of Signals (MCS) | Military College of Signals (MCS) | General Stacks | 01/02/2023 | 372.6,COM | MCS37991 | 01/02/2023 | 01/02/2023 | Book | Almirah No.54, Shelf No.3 |
